LEADER 00904nam a2200205 4500 001 000000336387 003 CaOOAMICUS 005 20190927094440.0 008 190906s1988 it 000 u ita r 040 $aSeMil$bita 100 1 $aMasson, René.$0(OLS)http://semarc/name/110201 245 10$aLa Salette : $b19 settembre 1846 : la Madonna vestita di primavera /$cR. Masson. 264 1$aRoma :$bRogate,$c1988. 300 $a238 p., [5] c. di tav. :$bill. ;$c20 cm. 650 4$aMadonna - Apparizioni - La Salette-Fallavaux .$0(OLS)http://semarc/subject/15902 850 $aSeMil 852 $aSeMil$W1$xVenegono$y1$m2L II 400$j216394$B228662$CSeMilBibl$Z2$F228662 $81 996 $6245$aLa Salette : $b19 settembre 1846 : la Madonna vestita di primavera$9(OLS)http://semarc/title/425664 996 $6264$aRoma :$bRogate$9(OLS)http://semarc/publisher/31830 LEADER 01526nam a2200325 i 4500 001 000000035734 003 CaOOAMICUS 005 20190326164122.0 008 140225s1990 xx u000 u fre u 013 $a4282 020 $a88-7652-630-7 040 $aSeMil$bita 100 1 $aGilbert, Paul,$c.$0(OLS)http://semarc/name/10657 245 13$aLe Proslogion de S. Anselme :$bsilence de Dieu et joie de l'homme /$cPaul Gilbert. 260 $aRoma :$bPontificia Università Gregoriana,$c1990. 300 $a284 p. ;$c24 cm. 490 0 $aAnalecta Gregoriana ;$v257 490 0 $aAnalecta Gregoriana. Series Facultatis Philosophicae Sectio A ;$v14 500 $aContiene : Bibliographie. 600 04$aAnselmo : d'Aosta .$0(OLS)http://semarc/subject/5444 650 4$aAnselmo : d'Aosta . Proslogion.$0(OLS)http://semarc/subject/6613 830 0$aAnalecta Gregoriana ;$v257.$0(OLS)http://semarc/title/9 830 0$aAnalecta Gregoriana. Series Facultatis Philosophicae Sectio A ;$v14.$0(OLS)http://semarc/title/39918 850 $aSeMil 852 $aSeMil$W1$xVenegono$y1$m2N V 357$j1889$B1889$CSeMilBibl$Z2$F1889 $81 961 $aAcquisto: Casa editrice 996 $6020$a88-7652-630-7$9(OLS)http://semarc/number/4072 996 $6245$aLe Proslogion de S. Anselme :$bsilence de Dieu et joie de l'homme$9(OLS)http://semarc/title/49118 996 $6260$aRoma :$bPontificia Università Gregoriana$9(OLS)http://semarc/publisher/29750